[Event "AUTO-MASTER-223"]
[Site "http://www.queenalice.com/game.php?id=123062"]
[Date "2006.10.29"]
[Round "1"]
[White "neijrodrigues"]
[Black "RobertKaucher"]
[Result "1-0"]
[WhiteElo "2104"]
[BlackElo "1939"]

1. e4 c5 2. Nf3 d6 3. d3 Nc6 4. g3 g6 5. Bg2 Bg7 6. O-O e5 7. Bg5 Nge7 8. Nc3
O-O 9. Qd2 f6 10. Bh6 Be6 11. h4 Nd4 12. Nd1 Bxh6 13. Qxh6 Nxc2 14. Rc1 Nb4 15.
h5 Nxd3 16. Rc3 Nb4 17. a3 Nbc6 18. Ne3 Nd4 19. Rd3 g5 20. Nxg5 fxg5 21. Qxg5+
Kh8 22. f4 exf4 23. gxf4 Ng8 24. Qxd8 Raxd8 25. f5 Bb3 26. Rf2 Nf6 27. h6 1-0

[Event "AUTO-MASTER-223"]
[Site "http://www.queenalice.com/game.php?id=123063"]
[Date "2006.10.29"]
[Round "1"]
[White "RobertKaucher"]
[Black "neijrodrigues"]
[Result "0-1"]
[WhiteElo "1945"]
[BlackElo "2160"]

1. e4 c5 2. Nf3 e6 3. d4 cxd4 4. Nxd4 a6 5. Nc3 Qc7 6. Bd3 Nc6 7. Be3 Nf6 8. O-O
Bd6 9. h3 O-O 10. Nb3 Ne5 11. f4 Nxd3 12. cxd3 Be7 0-1

[Event "AUTO-ADV-227"]
[Site "http://www.queenalice.com/game.php?id=123707"]
[Date "2006.10.31"]
[Round "2"]
[White "ivantratz"]
[Black "RobertKaucher"]
[Result "0-1"]
[WhiteElo "1811"]
[BlackElo "1924"]

1. e4 c5 2. Bc4 e6 3. Nc3 Nc6 4. b3 Nf6 5. Bb2 d5 6. exd5 exd5 7. Bd3 Bd6 8. Nb5
O-O 9. Nxd6 Qxd6 10. h3 d4 11. Nf3 Re8+ 12. Be2 Nd5 13. O-O Nf4 14. Bc4 Qg6 15.
Nh4 Qg5 16. Qf3 Qxh4 17. g3 Nxh3+ 18. Kg2 Qe7 19. Rfe1 Ne5 20. Rxe5 Qxe5 21.
Bxf7+ Kh8 22. Bxe8 Qxe8 23. Re1 Nf4+ 24. Qxf4 Bh3+ 25. Kxh3 Qxe1 26. c3 Qb1 27.
Ba3 Qxa2 28. Bxc5 dxc3 29. dxc3 Qxb3 30. Bd4 a5 31. Qc7 Qg8 32. Qxb7 Qc8+ 33.
Qxc8+ Rxc8 0-1

[Event "AUTO-ADV-227"]
[Site "http://www.queenalice.com/game.php?id=123711"]
[Date "2006.10.31"]
[Round "2"]
[White "MQueST"]
[Black "RobertKaucher"]
[Result "1-0"]
[WhiteElo "2260"]
[BlackElo "1930"]

1. Nc3 Nf6 2. d4 d5 3. Bg5 Nbd7 4. Nf3 g6 5. e3 Bg7 6. Bd3 O-O 7. O-O c5 8. Re1
b6 9. e4 dxe4 10. Nxe4 cxd4 11. Nxd4 Bb7 12. Nxf6+ Nxf6 13. c3 Qd5 14. Nf3 e6
15. Bxf6 Bxf6 16. Qc2 Rad8 17. Be4 Qd7 18. Bxb7 Qxb7 19. Qa4 Qc7 20. Rad1 Rxd1
21. Rxd1 Rd8 22. Rxd8+ Qxd8 23. g4 a5 24. Kg2 h5 25. h3 1-0

[Event "AUTO-ADV-227"]
[Site "http://www.queenalice.com/game.php?id=123712"]
[Date "2006.10.31"]
[Round "2"]
[White "RobertKaucher"]
[Black "MQueST"]
[Result "0-1"]
[WhiteElo "1963"]
[BlackElo "2253"]

1. e4 c5 2. Nf3 Nc6 3. d4 cxd4 4. Nxd4 Nf6 5. Nc3 d6 6. f3 e5 7. Nb3 Be7 8. Be3
Be6 9. Nd5 Bxd5 10. exd5 Nb4 11. c4 a5 12. Be2 O-O 13. O-O Nd7 14. Qd2 b6 15. f4
Rc8 16. fxe5 Nxe5 17. a3 Na6 18. Nd4 a4 19. Rac1 Nc5 20. Rce1 Bf6 21. Nf5 Re8
22. Qd1 Ng6 23. Qc2 Nb3 24. Bg4 Rb8 25. Qf2 Ne5 0-1

[Event "AUTO-ADV-227"]
[Site "http://www.queenalice.com/game.php?id=123713"]
[Date "2006.10.31"]
[Round "2"]
[White "Luciano_Matte"]
[Black "RobertKaucher"]
[Result "0-1"]
[WhiteElo "1997"]
[BlackElo "1968"]

1. Nf3 Nf6 2. d4 g6 3. c4 d5 4. Nc3 Bg7 5. Bf4 O-O 6. cxd5 Nxd5 7. e4 Nxf4 8. g3
Ne6 9. d5 Nc5 10. Bd3 Bg4 11. h3 Bxf3 12. Qxf3 Nc6 13. Bb1 Nd4 0-1

[Event "AUTO-ADV-227"]
[Site "http://www.queenalice.com/game.php?id=123714"]
[Date "2006.10.31"]
[Round "2"]
[White "RobertKaucher"]
[Black "Luciano_Matte"]
[Result "1-0"]
[WhiteElo "1945"]
[BlackElo "1997"]

1. e4 e6 2. d4 d5 3. exd5 exd5 4. c4 Nf6 5. Nc3 Bb4 6. Bd3 O-O 7. Nf3 Re8+ 8.
Be3 Ng4 9. O-O Nxe3 10. fxe3 Bxc3 11. bxc3 Rxe3 12. Ne5 Be6 13. Qh5 g6 14. Bxg6
fxg6 15. Nxg6 Nd7 16. cxd5 1-0

[Event "uai sô"]
[Site "http://www.queenalice.com/game.php?id=131755"]
[Date "2006.11.20"]
[Round "-"]
[White "waleriot"]
[Black "RobertKaucher"]
[Result "0-1"]
[WhiteElo "1629"]
[BlackElo "1960"]

1. d4 Nf6 2. Nc3 d5 3. e3 Bf5 4. Bd3 Bxd3 5. Qxd3 Nc6 6. Nf3 e6 7. e4 dxe4 8.
Nxe4 Qd5 9. Nxf6+ gxf6 10. O-O O-O-O 11. Bd2 Nxd4 12. Nxd4 Qxd4 13. Qxd4 Rxd4
14. Be3 Rd7 15. Bxa7 b6 16. a4 Kb7 17. a5 Kxa7 18. axb6+ Kxb6 19. Ra4 Rd2 20. g3
Rxc2 21. Rfa1 Bd6 22. Ra6+ Kc5 23. R1a5+ Kb4 24. b3 Kxb3 25. Ra7 Rb8 26. Rh5 Bc5
27. Ra1 Bxf2+ 28. Kh1 Kc3 29. Rxh7 Bc5 30. Rxf7 Rbb2 31. Rxf6 Rxh2# 0-1

[Event "Let's Play Chess!"]
[Site "http://www.queenalice.com/game.php?id=186250"]
[Date "2007.3.23"]
[Round "-"]
[White "AndyWo"]
[Black "RobertKaucher"]
[Result "1-0"]
[WhiteElo "2072"]
[BlackElo "1916"]

1. e4 c5 2. Nf3 d6 3. d4 cxd4 4. Nxd4 Nf6 5. Nc3 a6 6. Be2 e6 7. O-O Be7 8. f4
Qc7 9. Be3 Nc6 10. Qe1 O-O 11. Qg3 Bd7 12. Rad1 1-0

[Event "Let's Play Chess!"]
[Site "http://www.queenalice.com/game.php?id=186251"]
[Date "2007.3.23"]
[Round "-"]
[White "RobertKaucher"]
[Black "razoman"]
[Result "1-0"]
[WhiteElo "1927"]
[BlackElo "1960"]

1. e4 c5 2. c3 Nc6 3. d4 cxd4 4. cxd4 a6 5. Nf3 g6 6. d5 Nb8 7. Qd4 Nf6 8. e5
Nh5 9. Nc3 Ng7 10. Bd3 Nf5 11. Bxf5 gxf5 12. e6 f6 13. Qh4 h5 14. Qg3 dxe6 15.
Qg6+ Kd7 16. dxe6+ Kxe6 17. O-O Bd7 18. Rd1 Nc6 19. Ng5+ 1-0

[Event "Let's Play Chess!"]
[Site "http://www.queenalice.com/game.php?id=456421"]
[Date "2008.8.31"]
[Round "-"]
[White "RobertKaucher"]
[Black "newblockader"]
[Result "1-0"]
[WhiteElo "1906"]
[BlackElo "1518"]

1. e4 d6 2. d4 f5 3. Nc3 Nf6 4. Bd3 Nc6 5. Nf3 fxe4 6. Nxe4 Nxe4 7. Bxe4 d5 8.
Bd3 Bg4 9. h3 Bxf3 10. Qxf3 Nxd4 11. Qh5+ g6 12. Qe5 Nxc2+ 13. Bxc2 Rg8 14. Bg5
Bg7 15. Qe6 Rf8 16. O-O-O Qd6 17. Qxd5 Qe5 18. Qd7+ Kf7 19. Bb3+ 1-0

[Event "Let's Play Chess!"]
[Site "http://www.queenalice.com/game.php?id=456422"]
[Date "2008.8.31"]
[Round "-"]
[White "CampbellMarcel"]
[Black "RobertKaucher"]
[Result "0-1"]
[WhiteElo "1812"]
[BlackElo "1908"]

1. e4 c5 2. g3 Nc6 3. Bg2 g6 4. Nc3 Bg7 5. f4 d6 6. Nf3 e6 7. d3 Nge7 8. O-O O-O
9. Bd2 Rb8 10. a3 b5 11. e5 dxe5 12. fxe5 Nxe5 13. Nxe5 Bxe5 14. Bg5 Bd4+ 15.
Kh1 f6 16. Bh6 Rf7 17. Qd2 Nf5 18. Rxf5 exf5 19. Bd5 Bb7 20. Bxb7 Rbxb7 21. Re1
b4 22. axb4 cxb4 23. Ne2 Qd5# 0-1

[Event "Let's Play Chess!"]
[Site "http://www.queenalice.com/game.php?id=461518"]
[Date "2008.9.11"]
[Round "-"]
[White "RobertKaucher"]
[Black "attachui"]
[Result "1-0"]
[WhiteElo "1911"]
[BlackElo "1881"]

1. e4 c5 2. c3 d5 3. exd5 Qxd5 4. d4 Nf6 5. Nf3 Nc6 6. Be2 g6 7. O-O Bg7 8. dxc5
Qxc5 9. Be3 Qd5 10. Qa4 O-O 11. Rd1 Qf5 12. Nbd2 Bd7 13. Qb3 Ng4 14. Nf1 b6 15.
Ng3 Be6 16. Qa4 Qa5 17. Qxc6 Nxe3 18. fxe3 Rac8 19. Qb5 Rc5 20. Qxa5 Rxa5 21.
Nd4 Bd5 22. Bf3 Bxd4 23. Rxd4 Be6 24. Ne2 f5 25. Nf4 Bf7 26. Nd5 e5 27. Rd2 e4
28. Ne7+ Kg7 29. Be2 Re8 30. Nc6 Rc5 31. Nxa7 Re7 32. Nb5 g5 33. Rd6 f4 34. Rxb6
f3 35. gxf3 exf3 36. Bxf3 Rxe3 37. Kf2 Rd3 38. Nd4 h5 39. Ke2 Bc4 40. Ne6+ Bxe6
41. Kxd3 Bf5+ 42. Kd4 Rc8 43. a4 g4 44. Bd5 h4 45. a5 1-0

[Event "rematch"]
[Site "http://www.queenalice.com/game.php?id=468212"]
[Date "2008.9.25"]
[Round "-"]
[White "RobertKaucher"]
[Black "newblockader"]
[Result "0-1"]
[WhiteElo "1926"]
[BlackElo "1696"]

1. e4 e6 2. d4 d5 3. exd5 exd5 4. c4 Bb4+ 5. Bd2 Bxd2+ 6. Nxd2 Nf6 7. Ngf3 O-O
8. Be2 Nc6 9. O-O dxc4 10. Nxc4 Re8 11. Ne3 Nd5 12. Qd2 Nxe3 13. fxe3 Qe7 14.
Bc4 Qxe3+ 15. Qxe3 Rxe3 16. Ng5 Nd8 17. Nxf7 Be6 18. Bxe6 Nxe6 0-1

[Event "Let's Play Chess!"]
[Site "http://www.queenalice.com/game.php?id=577284"]
[Date "2009.4.25"]
[Round "-"]
[White "RobertKaucher"]
[Black "Popeye"]
[Result "1-0"]
[WhiteElo "1901"]
[BlackElo "1636"]

1. e4 e5 2. Nf3 d6 3. d4 exd4 4. Nxd4 Nf6 5. Nc3 a6 6. Be3 h6 7. f3 c5 8. Nde2
Be6 9. Nf4 g5 10. Nxe6 fxe6 11. e5 Nh7 12. Qd3 dxe5 13. Qg6+ Kd7 14. O-O-O+ Bd6
15. Bxc5 Nf8 16. Rxd6+ Kc7 17. Qf7+ Nbd7 18. Bb6+ Kxd6 19. Bxd8 Rxd8 20. Bd3 Kc7
21. Rd1 Kb8 22. Qg7 Ng6 23. Qxg6 Nf8 24. Qg7 Nd7 25. Be4 Nc5 26. Qxe5+ Ka8 27.
Rxd8+ Rxd8 28. Qxc5 Kb8 29. Qb6 Rd7 30. Qxe6 Rh7 31. Qg8+ 1-0